000 00182 a2200097 4500
001 46079
100 _a
245 _aAir Navigation
260 _aIndia
_b
_c
090 _c29183
_d29183
942 _aNUST-CAE
_cM
_c21317
999 _c281152
_d281152